The Flags of the Canadian Cities - Statistics

General Stats
  • This quiz has been taken 63 times
    42 since last reset
  • The average score is 12 of 16
Answer Stats
Picture Answer % Correct
Mississauga
95%
Montreal
95%
Calgary
91%
Ottawa
91%
Toronto
91%
Winnipeg
82%
Surrey
73%
Brampton
68%
Laval
68%
Markham
68%
Quebec City
68%
Edmonton
64%
Hamilton
64%
London
64%
Vancouver
64%
Halifax
59%
No matching quizzes found
Score Distribution
Percent of People with Each Score
Percentile by Number Answered
Your Score History
You have not taken this quiz since the last reset